XXI asamblea anual del Colegio de Médicos de la Provincia de Gerona celebrada en 26 de agosto de 1918 en la villa de Castellón de Ampurias. (Record no. 20034)

MARC details
000 -LEADER
campo de control de longitud fija 00617nam a2200157 i 4500
001 - NÚMERO DE CONTROL
campo de control 20034
003 - IDENTIFICADOR DE NÚMERO DE CONTROL
campo de control ES-MaACL
005 - FECHA Y HORA DE LA ÚLTIMA TRANSACCIÓN
campo de control 20230906152223.0
007 - CAMPO FIJO DE DESCRIPCIÓN FÍSICA--INFORMACIÓN GENERAL
campo de control de longitud fija t|
008 - DATOS DE LONGITUD FIJA--INFORMACIÓN GENERAL
campo de control de longitud fija 021114s1918 sp ||||1| spa d
111 2# - ENTRADA PRINCIPAL--NOMBRE DE CONGRESO/REUNIÓN
Nombre de congreso/reunión o jurisdicción como elemento de entrada Asamblea del Colegio de Médicos de la Provincia de Gerona (
Número del congreso/reunión o número de parte o sección 21ª.
Fecha del congreso o de la firma del tratado 1918.
Sede del congreso/Lugar de la reunión Castellón de Ampurias)
9 (RLIN) 21
245 10 - MENCIÓN DEL TÍTULO
Título XXI asamblea anual del Colegio de Médicos de la Provincia de Gerona celebrada en 26 de agosto de 1918 en la villa de Castellón de Ampurias.
260 ## - PUBLICACIÓN, DISTRIBUCIÓN, ETC.
Lugar de publicación, distribución, etc. Gerona :
Nombre del editor, distribuidor, etc. [s.n.],
Fecha de publicación, distribución, etc. 1918.
710 2# - ENTRADA AGREGADA--NOMBRE DE ENTIDAD CORPORATIVA
Nombre de entidad corporativa o nombre de jurisdicción como elemento de entrada Colegio de Médicos de la Provincia de Gerona.
9 (RLIN) 2909
852 ## - LOCALIZACIÓN
Ubicación ES-MaACL
Número de control de estantería 1568-F-2
Holdings
Estatus retirado Estado de pérdida Estado de daño No para préstamo Colección Biblioteca de origen Biblioteca actual Ubicación en estantería Fecha de adquisición Fuente de adquisición Total de préstamos Signatura topográfica completa Código de barras Visto por última vez Precio de reemplazo Tipo de ítem Koha
        Colección de folletos Biblioteca del Ateneo de Madrid Biblioteca del Ateneo de Madrid Depósito folletos 17/01/2008     1568-F-2 1020530 23/02/2023 23/02/2023 Folleto